00448cam a22001577a 4500008004000000020001500040082001800055245006700073260003600140300001000176650002200186650001400208650001400222650001400236700004000250180718b2008 xxu||||| |||| 00| 0 eng d a8189654144 aB235x54 Ap48H aPrastuta PrashancEdited by Apporvanandan and Sanjay Shandilya aNew Delhi bDaanish Booksc2008 a354p. aMarxian Economics aEconomics aCommunism aSocialism aApporvanandan and Shandilya, Sanjay